Massachusetts Historical Review (MHR)

محفوظ في:

التنسيق: دورية

اللغة: Undetermined

منشور في: JSTOR
Massachusetts Historical Society

الموضوعات:

الوصول للمادة أونلاين: Login to view Source

الوسوم: إضافة وسم

لا توجد وسوم, كن أول من يضع وسما على هذه التسجيلة!

رقم الطلب:

LEADER 00551nas a2200181Ia 4500
008 220214c99999999xx |||||||||||| ||und||
022 |a 1526-3894 
022 |a 2155-1316 
245 0 0 |a Massachusetts Historical Review (MHR) 
264 1 |b JSTOR 
264 1 |b Massachusetts Historical Society 
362 0 |a Vol. 1(1999)-20 (2018) 
653 1 0 |a Area Studies 
653 1 0 |a History 
856 4 0 |u https://www.jstor.org/journal/masshistrevi 
942 |c JL 
952 |0 0  |1 0  |4 0  |7 1  |9 36131  |a JSR  |b JSR  |d 2022-02-14  |l 0  |r 2022-02-14 00:00:00  |w 2022-02-14  |y JL 
999 |c 44464  |d 44464